Logo BPK

Biblioteka

Politechniki Koszalińskiej

Lekcii po linejnoj algebre / (Rekord nr 9299)

Szczegóły MARC
000 -ETYKIETA REKORDU
podpole kontrolne o stałej długości 00522nam a2200205 i 4500
001 - NUMER KONTROLNY REKORDU
pole kontrolne bg
003 - IDENTYFIKATOR NUMERU KONTROLNEGO REKORDU
podpole kontrolne BPK
005 - DATA OSTATNIEJ MODYFIKACJI REKORDU
podpole kontrolne 20190726142023.0
008 - POLE O STAŁEJ DŁUGOŚCI - DANE KONTROLNE
podpole kontrolne o stałej długości s1971 pl f |000 0 polod
040 ## - ŹRÓDŁO KATALOGOWANIA
Instytucja, która utworzyła rekord BPK
041 1# - KOD JĘZYKA
Kod języka tekstu pol
Kod języka oryginału rus
080 ## - UNIWERSALNA KLASYFIKACJA DZIESIĘTNA - UKD
UKD 512.64
100 1# - NAZWA OSOBOWA
Nazwa osobowa Gel'fand, Izrail Moiseevič
Daty związane z nazwą (1913- ).
245 #0 - TYTUŁ/ODPOWIEDZIALNOŚĆ
Tytuł Lekcii po linejnoj algebre /
Pozostałe elementy strefy tytułu i oznaczenia odpowiedzialności I. M. Gelfand.
250 ## - STREFA WYDANIA
Oznaczenie wydania Izd. 4 dopol.
260 ## - STREFA ADRESU WYDAWNICZEGO
Miejsce wydania Moskva :
Nazwa wydawcy/dystrybutora Izdat. "Nauka",
Data publikacji, dystrybucji/powstania dokumentu 1971.
300 ## - STREFA OPISU FIZYCZNEGO
Objętość s. 271.
650 #4 - HASŁO PRZEDMIOTOWE W FORMIE NAZWY OGÓLNEJ LUB JEDNOSTKOWEJ
Nazwa ogólna lub geograficzna Algebra liniowa
942 ## - DODATKOWE ELEMENTY (KOHA)
Typ dokumentu Książka
Schemat klasyfikacji Uniwersalna Klasyfikacja Dziesiętna
Egzemplarze
Wycofany Status egzemplarza Uszkodzony Dostępność Lokalizacja stała Lokalizacja bieżąca Miejsce przechowywania Sygnatura Kod kreskowy Typ dokumentu
      Dostępny Biblioteka Politechniki Koszalińskiej Biblioteka Politechniki Koszalińskiej Wypożyczalnia BG 13526 01963632 Książka
© 2023 Biblioteka Politechniki Koszalińskiej :: KOHA